|
|
|
|
| LEADER |
01858nam a2200421 a 4500 |
| 001 |
EBC3319951 |
| 003 |
MiAaPQ |
| 005 |
20200520144314.0 |
| 006 |
m o d | |
| 007 |
cr cn||||||||| |
| 008 |
120309s2010 gw a sbm 000 0 eng d |
| 020 |
|
|
|z 9783899588880
|
| 020 |
|
|
|z 9783899588897 (e-book)
|
| 035 |
|
|
|a (MiAaPQ)EBC3319951
|
| 035 |
|
|
|a (Au-PeEL)EBL3319951
|
| 035 |
|
|
|a (CaPaEBR)ebr10534120
|
| 035 |
|
|
|a (OCoLC)785782823
|
| 040 |
|
|
|a MiAaPQ
|c MiAaPQ
|d MiAaPQ
|
| 041 |
1 |
|
|a eng
|b ger
|
| 043 |
|
|
|a a-mk---
|
| 050 |
|
4 |
|a SB364
|b .A47 2010
|
| 100 |
1 |
|
|a Al-Rasbi, Salim bin Abdullah bin Rashid.
|
| 245 |
1 |
0 |
|a Evaluation of the growth of date palm seedlings irrigated with saline water in Sultanat of Oman
|h [electronic resource] /
|c Salim Abdullah Rashid Al Rasbi ; Herausgeber, Universitat Kassel, Fachtbereich Okologische Agrarwissenschaften, Fachgebiet Landschaftsokologie und Naturschutz ; Schriftleitung, H. Schmeisky.
|
| 260 |
|
|
|a Kassel [Germany] :
|b Kassel University Press,
|c 2010.
|
| 300 |
|
|
|a 225 p. :
|b ill.
|
| 490 |
1 |
|
|a Okologie und Umweltsicherung,
|x 0943-7223 ;
|v 32/2010
|
| 500 |
|
|
|a Summary in German.
|
| 502 |
|
|
|a Thesis (doctoral)--University of Kassel, 2010.
|
| 504 |
|
|
|a Includes bibliographical references.
|
| 533 |
|
|
|a Electronic reproduction. Ann Arbor, MI : ProQuest, 2015. Available via World Wide Web. Access may be limited to ProQuest affiliated libraries.
|
| 650 |
|
0 |
|a Date palm
|z Oman
|x Growth.
|
| 650 |
|
0 |
|a Saline irrigation
|z Oman.
|
| 655 |
|
4 |
|a Electronic books.
|
| 700 |
1 |
|
|a Schmeisky, H.
|
| 710 |
2 |
|
|a Universitat Kassel.
|b Okologische Agrarwissenschaften.
|b Fachgebiet Landschaftsokologie und Naturschutz.
|
| 710 |
2 |
|
|a ProQuest (Firm)
|
| 830 |
|
0 |
|a Okologie und Umweltsicherung ;
|v 32.
|
| 856 |
4 |
0 |
|u https://ebookcentral.proquest.com/lib/matrademy/detail.action?docID=3319951
|z Click to View
|